| 000 -LEADER | |
|---|---|
| fixed length control field | 00469nam a22001697a 4500 |
| 005 - DATE AND TIME OF LATEST TRANSACTION | |
| control field | 20230821101205.0 |
| 008 - FIXED-LENGTH DATA ELEMENTS--GENERAL INFORMATION | |
| fixed length control field | 230817b |||||||| |||| 00| 0 eng d |
| 020 ## - INTERNATIONAL STANDARD BOOK NUMBER | |
| ISBN | 978-81-312-5773-9 |
| 041 ## - LANGUAGE CODE | |
| Language code of text/sound track or separate title | eng |
| 082 ## - DEWEY DECIMAL CLASSIFICATION NUMBER | |
| Classification number | 612 HAL-G |
| 100 ## - MAIN ENTRY--AUTHOR NAME | |
| Personal name | HALL,JOHN E. AND HALL, MICHAEL E. |
| 245 ## - TITLE STATEMENT | |
| Title | GUYTON AND HALL TEXTBOOK OF MEDICAL PHYSIOLOGY THIRD SOUTH ASIA EDITION |
| 260 ## - PUBLICATION, DISTRIBUTION, ETC. (IMPRINT) | |
| Place of publication | LONDON |
| Name of publisher | ELSEVIER |
| Year of publication | 2020 |
| 300 ## - PHYSICAL DESCRIPTION | |
| Number of Pages | 1011;p |
| 650 ## - SUBJECT ADDED ENTRY--TOPICAL TERM | |
| Topical Term | BPT |
| 942 ## - ADDED ENTRY ELEMENTS (KOHA) | |
| Koha item type | Books |
| Lost status | Damaged status | Collection code | Home library | Current library | Shelving location | Date acquired | Source of acquisition | Cost, normal purchase price | Full call number | Accession Number | Koha item type |
|---|---|---|---|---|---|---|---|---|---|---|---|
| PHYSIOTHERAPY | JRU Library | JRU Library | SHELF-28-C | 05/08/2023 | PURCHASE | 5175.00 | 612 | 27840 | Books | ||
| PHYSIOTHERAPY | JRU Library | JRU Library | Shelf - 25- B | 07/09/2023 | 612 HAL-G | Books |